|
|
|
|
| LEADER |
00000cam a2200000 7i4500 |
| 001 |
0000094061 |
| 005 |
20240814093049.0 |
| 020 |
|
|
|a 9789672935469 (
|q set)
|
| 020 |
|
|
|a 9789672935476 (
|q paperback)
|
| 040 |
|
|
|e rda
|
| 041 |
|
|
|a Malay
|
| 090 |
0 |
0 |
|a HEA
|b MAL
|
| 100 |
0 |
|
|a Siti Aishah Suleiman ,
|e (author)
|
| 245 |
1 |
0 |
|a Bersenam dan kesihatan badan
|c Siti Aishah Suleiman
|
| 264 |
|
1 |
|a Subang Jaya,Selangor :
|b Penerbitan Timba Ilmu
|c 2024
|
| 300 |
|
|
|a 31 pages :
|b colour illustration, colour photographs ;
|c 26 cm.
|
| 336 |
|
|
|a text
|2 rdacontent
|
| 337 |
|
|
|a unmediated
|2 rdamedia
|
| 338 |
|
|
|a volume
|2 rdacarrier
|
| 490 |
1 |
|
|a Siri pengenalan gaya hidup sihat
|
| 500 |
|
|
|a Children ages 10-12 years old (pink)
|
| 541 |
|
|
|c Purchased on 2024
|f 209AD ADE
|h RM49.83
|
| 650 |
|
0 |
|a Exercise and health
|v Juvenile fiction
|
| 650 |
|
0 |
|a Health behavior
|
| 700 |
0 |
|
|a Elisyah,Ong ,
|e (author)
|
| 730 |
0 |
|
|a Title
|
| 999 |
|
|
|a 0001766520
|b Book
|c Children Collection
|e Desa - PPAJ
|
| 999 |
|
|
|a 0001766521
|b Book
|c Children Collection
|e Desa - PPAJ
|
| 999 |
|
|
|a 0001766522
|b Book
|c Children Collection
|e Desa - PPAJ
|
| 999 |
|
|
|a 0001766523
|b Book
|c Children Collection
|e Desa - PPAJ
|
| 999 |
|
|
|a 0001766524
|b Book
|c Children Collection
|e Desa - PPAJ
|
| 999 |
|
|
|a 0001766525
|b Book
|c Children Collection
|e Desa - PPAJ
|
| 999 |
|
|
|a 0001766526
|b Book
|c Children Collection
|e Desa - PPAJ
|
| 999 |
|
|
|a 0001766527
|b Book
|c Children Collection
|e Desa - PPAJ
|
| 999 |
|
|
|a 0001766528
|b Book
|c Children Collection
|e Desa - PPAJ
|
| 999 |
|
|
|a 0001766529
|b Book
|c Children Collection
|e Desa - PPAJ
|
| 999 |
|
|
|a 0001766530
|b Book
|c Children Collection
|e Desa - PPAJ
|
| 999 |
|
|
|a 0001766531
|b Book
|c Children Collection
|e Desa - PPAJ
|
| 999 |
|
|
|a 0001766532
|b Book
|c Children Collection
|e Desa - PPAJ
|
| 999 |
|
|
|a 0001766533
|b Book
|c Children Collection
|e Desa - PPAJ
|
| 999 |
|
|
|a 0001766534
|b Book
|c Children Collection
|e Desa - PPAJ
|
| 999 |
|
|
|a 0001766535
|b Book
|c Children Collection
|e Desa - PPAJ
|
| 999 |
|
|
|a 0001766536
|b Book
|c Children Collection
|e Desa - PPAJ
|
| 999 |
|
|
|a 0001766537
|b Book
|c Children Collection
|e Desa - PPAJ
|
| 999 |
|
|
|a 0001766538
|b Book
|c Children Collection
|e Desa - PPAJ
|
| 999 |
|
|
|a 0001766539
|b Book
|c Children Collection
|e Desa - PPAJ
|
| 999 |
|
|
|a 0001766540
|b Book
|c Children Collection
|e Desa - PPAJ
|
| 999 |
|
|
|a 0001766541
|b Book
|c Children Collection
|e Desa - PPAJ
|
| 999 |
|
|
|a 0001766542
|b Book
|c Children Collection
|e Desa - PPAJ
|
| 999 |
|
|
|a 0001766543
|b Book
|c Children Collection
|e Desa - PPAJ
|
| 999 |
|
|
|a 0001766544
|b Book
|c Children Collection
|e Desa - PPAJ
|
| 999 |
|
|
|a 0001766545
|b Book
|c Children Collection
|e Desa - PPAJ
|
| 999 |
|
|
|a 0001766546
|b Book
|c Children Collection
|e Desa - PPAJ
|
| 999 |
|
|
|a 0001766547
|b Book
|c Children Collection
|e Desa - PPAJ
|
| 999 |
|
|
|a 0001766548
|b Book
|c Children Collection
|e Desa - PPAJ
|
| 999 |
|
|
|a 0001766549
|b Book
|c Children Collection
|e Desa - PPAJ
|
| 999 |
|
|
|a 0001766550
|b Book
|c Children Collection
|e Desa - PPAJ
|
| 999 |
|
|
|a 0001766551
|b Book
|c Children Collection
|e Desa - PPAJ
|
| 999 |
|
|
|a 0001766552
|b Book
|c Children Collection
|e Desa - PPAJ
|
| 999 |
|
|
|a 0001766553
|b Book
|c Children Collection
|e Desa - PPAJ
|
| 999 |
|
|
|a 0001766554
|b Book
|c Children Collection
|e Desa - PPAJ
|
| 999 |
|
|
|a 0001766555
|b Book
|c Children Collection
|e Desa - PPAJ
|
| 999 |
|
|
|a 0001766556
|b Book
|c Children Collection
|e Desa - PPAJ
|
| 999 |
|
|
|a 0001766557
|b Book
|c Children Collection
|e Desa - PPAJ
|
| 999 |
|
|
|a 0001766558
|b Book
|c Children Collection
|e Desa - PPAJ
|
| 999 |
|
|
|a 0001766559
|b Book
|c Children Collection
|e Desa - PPAJ
|
| 999 |
|
|
|a 0001766560
|b Book
|c Children Collection
|e Desa - PPAJ
|
| 999 |
|
|
|a 0001767515
|b Book
|c Children Collection
|e Perbadanan Perpustakaan Awam Johor
|
| 999 |
|
|
|a 0001767516
|b Book
|c Children Collection
|e Cawangan Urban Transformation Centre
|
| 999 |
|
|
|a 0001767517
|b Book
|c Children Collection
|e Cawangan AEON Kulaijaya
|
| 999 |
|
|
|a 0001767518
|b Book
|c Children Collection
|e Cawangan Taman Universiti
|
| 999 |
|
|
|a 0001767519
|b Book
|c Children Collection
|e Cawangan Segamat
|
| 999 |
|
|
|a 0001767520
|b Book
|c Children Collection
|e Cawangan Taman Sri Lambak
|
| 999 |
|
|
|a 0001767521
|b Book
|c Children Collection
|e Cawangan Tangkak
|
| 999 |
|
|
|a 0001767522
|b Book
|c Children Collection
|e Cawangan Muar
|
| 999 |
|
|
|a 0001767523
|b Book
|c Children Collection
|e Cawangan Kota Tinggi
|
| 999 |
|
|
|a 0001767524
|b Book
|c Children Collection
|e Cawangan Bandar Penawar
|
| 999 |
|
|
|a 0001767525
|b Book
|c Children Collection
|e Cawangan Batu Pahat
|
| 999 |
|
|
|a 0001767526
|b Book
|c Children Collection
|e Cawangan Tmn. Ungku Tun Aminah
|
| 999 |
|
|
|a 0001767527
|b Book
|c Children Collection
|e Cawangan Mersing
|
| 999 |
|
|
|a 0001767528
|b Book
|c Children Collection
|e Cawangan Pontian
|
| 999 |
|
|
|a 0001767529
|b Book
|c Children Collection
|e Cawangan Bukit Gambir
|
| 999 |
|
|
|a 0001767530
|b Book
|c Children Collection
|e Perbadanan Perpustakaan Awam Johor
|
| 999 |
|
|
|a 0001767531
|b Book
|c Children Collection
|e Cawangan Bandar Tenggara
|